| 000 | 01433nam a2200637Ia 4500 | ||
|---|---|---|---|
| 001 | 53220 | ||
| 005 | 20240114005337.0 | ||
| 007 | ta | ||
| 008 | 110105s2010 g b000 u 465 u | ||
| 020 | _a` | ||
| 040 | _aCotton College,Assam | ||
| 041 | _a465 | ||
| 082 |
_a030 _bSa 74 En |
||
| 100 | _aSafra, Jacob E. . | ||
| 245 | 0 |
_aThe New Enclopaedia Bitannica / _cJacob E.Safra. _hTextual Documents |
|
| 250 | _a15th ed. / | ||
| 260 |
_aChicago : _bEncyclopaedia Britannica , _c2010. |
||
| 300 |
_a980pg ; _c26cm. |
||
| 362 | _aVol-1- | ||
| 653 | _aEncylopaedia | ||
| 653 | _aReference- Encyclopaedia | ||
| 942 |
_2ddc _cBK |
||
| 999 |
_c53183 _d53183 |
||